000 00471nam a2200181Ia 4500
003 OSt
005 20260318145119.0
008 250729s1994 xx 000 0 und d
040 _cAL
041 _aeng
082 _a370.15 KOKE
100 _aDr. Kokila Thangasamy
_9230326
245 _aEducation for new social order and chalange in indian education
260 _aMadurai
_bMaa Nilaa
_c1994
300 _a10-14p
650 _aEducation
_9230327
942 _2ddc
_cBED
999 _c238726
_d238726